Les acteurs de Nolan - Statistiques

Statistiques générales
  • Ce quiz a été pris 230 fois
    73 depuis la dernière actualisation
  • Le résultat moyen est 14 sur 36
Statistiques - réponses
Nombre de film Films Réponse % Correct
4 Batman Begins, The Dark Knight, The Dark Knight Rises, Le Prestige Christian Bale
97%
6 Batman Begins, The Dark Knight, The Dark Knight Rises, Dunkerque, Inception, Oppenheimer Cillian Murphy
90%
1 Inception Leonardo Dicaprio
66%
7 Batman Begins, The Dark Knight, The Dark Knight Rises, Inception, Interstellar, Le prestige, Tenet Michael Caine
61%
3 The Dark Knight Rises, Dunkerque, Inception Tom Hardy
61%
1 The Dark Knight Heath Ledger
59%
2 The Dark Knight Rises, Inception Marion Cotillard
58%
2 Interstellar, The Dark Knight Rises Anne Hathaway
56%
2 Interstellar / Oppenheimer Matt Damon
56%
1 Interstellar Matthew McConaughey
54%
1 Le Prestige Hugh Jackman
53%
1 Tenet Robert Pattinson
53%
3 Batman Begins, The Dark Knight, The Dark Knight Rises Gary Oldman
51%
1 Oppenheimer Robert Downey Jr
47%
3 Batman Begins, The Dark Knight, The Dark Knight Rises Morgan Freeman
46%
1 Tenet John David Washington
44%
1 Insomnia Al Pacino
37%
2 Batman Begins, The Dark Knight Rises Liam Neeson
37%
1 Interstellar Timothée Chalamet
37%
2 The Dark Knight Rises, Inception Joseph Gordon Levitt
34%
1 Insomnia Robin Williams
32%
1 Le Prestige Scarlett Johansson
31%
1 Interstellar Jessica Chastain
29%
1 Dunkerque Harry Styles
27%
1 Inception Elliot Page
25%
2 Interstellar, Oppenheimer Casey Affleck
24%
1 Oppenheimer Florence Pugh
22%
1 Memento Guy Pearce
20%
1 Le Prestige David Bowie
19%
1 The Dark Knight Maggie Gyllenhaal
19%
3 Tenet, Dunkerque, Oppenheimer Kenneth Branagh
15%
2 Inception, Batman Begins Ken Watanabe
15%
1 The Dark Knight Aaron Eckhart
12%
1 Tenet Elizabeth Debicki
12%
1 Batman Begins Katie Holmes
7%
1 Insomnia Hillary Swank
2%
Aucun quiz correspondant
Distribution des résultats
% des personnes avec chaque résultat
Percentile par nombre de réponses
Votre historique - résultats
Vous n’avez pas pris ce quiz depuis la dernière actualisation